000 00321nam a22001457a 4500
008 221012b ||||| |||| 00| 0 eng d
020 _a9780397550258
041 _aeng
080 _a610.73
082 _a610.73 NEF
100 _a9
101 _aINF
245 _aMATERIAL AND CHILD HEALTH
_cNEFF CH
942 _2udc
_cBK
999 _c58528
_d58528